| 000 | 01171cam a2200217 4500 | ||
|---|---|---|---|
| 001 | ABS61821 | ||
| 008 | 000000n2000 000 0 eng u | ||
| 035 | _a(Sirsi) u103686 | ||
| 245 | _aX v A and others | ||
| 260 | _c2000 | ||
| 490 |
_aEstates Gazette _v[2000] 01 EG 94-97(4) |
||
| 520 | _aChD 30 July 1999. Claimant was sole trustee of a will. Testator died leaving his residuary estate, including land to his widow with remainder to his children. Following death of the widow, defendants became entitled to the residuary estate. Trustee was concerned about potential effect of the Environmental Protection Act 1990 which would impose liability on owners of land for cleaning up contaminated land. Trustee sought directios as to whether it had a lien over the trust fund for liabilities."Held" the lien of a trust fund extends to all the liabilities of the trustee including liabilities under the Environmental Protection Act 1990 Part IIA. | ||
| 590 | _aABS | ||
| 650 | _aCONTAMINATED LAND | ||
| 650 | _aLIABILITY | ||
| 650 | _aENVIRONMENTAL PROTECTION ACT 1990 | ||
| 650 | _aPOLLUTION | ||
| 650 | _aTRUST FUNDS | ||
| 690 | _aLAW-CASE LAW | ||
| 942 | _n0 | ||
| 999 |
_c62263 _d62263 |
||